How to prepare for the TOEFL essay : (Record no. 7342)
[ view plain ]
| 000 -LEADER | |
|---|---|
| fixed length control field | 01367nac a22003011u 4500 |
| 010 ## - LIBRARY OF CONGRESS CONTROL NUMBER | |
| LC control number | 2003052090 |
| 020 ## - INTERNATIONAL STANDARD BOOK NUMBER | |
| International Standard Book Number | 0764123130 |
| 082 00 - DEWEY DECIMAL CLASSIFICATION NUMBER | |
| Classification number | 428.0076 |
| Item number | LOU |
| 090 ## - LOCALLY ASSIGNED LC-TYPE CALL NUMBER (OCLC); LOCAL CALL NUMBER (OCLC) | |
| -- | 7342 |
| -- | 7342 |
| 100 ## - MAIN ENTRY--PERSONAL NAME | |
| Personal name | Lougheed, Lin, |
| 245 10 - TITLE STATEMENT | |
| Title | How to prepare for the TOEFL essay : |
| Remainder of title | test of English as a foreign language / |
| Statement of responsibility, etc | Lin Lougheed. |
| 246 3# - VARYING FORM OF TITLE | |
| Title proper/short title | Barron's how to prepare for the TOEFL essay |
| 250 ## - EDITION STATEMENT | |
| Edition statement | 2nd ed. |
| 260 ## - PUBLICATION, DISTRIBUTION, ETC. (IMPRINT) | |
| Place of publication, distribution, etc | Hauppauge, N.Y. : |
| Name of publisher, distributor, etc | Barron's Educational Series,2004 |
| Date of publication, distribution, etc | 2004. |
| 300 ## - PHYSICAL DESCRIPTION | |
| Extent | 276 p. ; |
| Dimensions | 28 cm. |
| 500 ## - GENERAL NOTE | |
| General note | At head of title: Barron's. |
| 500 ## - GENERAL NOTE | |
| General note | Rev. ed. of: Barron's how to prepare for the computer-based TOEFL essay. 1st ed. 2000. |
| 500 ## - GENERAL NOTE | |
| General note | distributer: Al-Ahram |
| 511 ## - PARTICIPANT OR PERFORMER NOTE | |
| Participant or performer note | catalogued by: wessam |
| 650 #0 - SUBJECT ADDED ENTRY--TOPICAL TERM | |
| Topical term or geographic name as entry element | English language |
| Form subdivision | Textbooks for foreign speakers. |
| 650 #0 - SUBJECT ADDED ENTRY--TOPICAL TERM | |
| Topical term or geographic name as entry element | Test of English as a foreign language |
| Form subdivision | Study guides. |
| 650 #0 - SUBJECT ADDED ENTRY--TOPICAL TERM | |
| Topical term or geographic name as entry element | English language |
| General subdivision | Examinations |
| Form subdivision | Study guides. |
| 700 1# - ADDED ENTRY--PERSONAL NAME | |
| Personal name | Lougheed, Lin, |
| Dates associated with a name | 1946- |
| 856 42 - ELECTRONIC LOCATION AND ACCESS | |
| Materials specified | Publisher description |
| Uniform Resource Identifier | <a href="http://www.loc.gov/catdir/description/barrons041/2003052090.html">http://www.loc.gov/catdir/description/barrons041/2003052090.html</a> |
| 856 42 - ELECTRONIC LOCATION AND ACCESS | |
| Materials specified | Table of contents only |
| Uniform Resource Identifier | <a href="http://www.loc.gov/catdir/enhancements/fy0614/2003052090-t.html">http://www.loc.gov/catdir/enhancements/fy0614/2003052090-t.html</a> |
| 942 ## - ADDED ENTRY ELEMENTS (KOHA) | |
| Item type | Book - Borrowing |
| Call number prefix | 428.0076LOU |
| Withdrawn status | Item status | Damaged status | Not for loan | Home library | Current library | Shelving location | Date acquired | Source of acquisition | Total Checkouts | Total Renewals | Full call number | Barcode | Checked out | Date last seen | Date last borrowed | Koha item type |
|---|---|---|---|---|---|---|---|---|---|---|---|---|---|---|---|---|
| Central Library | Central Library | Second Floor | 22/01/2008 | Purchase | 23 | 48 | 428.0076LOU | 000008912 | 15/10/2015 | 21/05/2015 | 21/05/2015 | Book - Borrowing |